MARC

LEADER 00000nam0a2200000 4500
001 376171
005 20231102012810.0
035 |a (RuTPU)RU\TPU\retro\33611 
035 |a RU\TPU\book\227523 
090 |a 376171 
100 |a 20221221d1970 m y0rusy50 ca 
101 0 |a rus 
102 |a RU 
105 |a a z 001zy 
200 1 |a Контактная прочность ситаллов  |f С. В. Пинегин, А. В. Орлов, В. М. Гудченко  |g Академия наук СССР, Государственный научно-исследовательский институт машиноведения им. А. А. Благонравова 
210 |a Москва  |c Наука  |d 1970 
215 |a 85 с.  |c ил. 
320 |a Библиогр.: с. 79. 
610 1 |a ситаллы 
610 1 |a прочность 
610 1 |a структура 
610 1 |a свойства 
610 1 |a разрушение 
610 1 |a качение 
610 1 |a сопротивление 
675 |a 666.1.0023  |v 3 
700 1 |a Пинегин  |b С. В.  |g Сергей Васильевич 
701 1 |a Орлов  |b А. В.  |g Александр Васильевич 
701 1 |a Гудченко  |b В. М.  |g Валентин Митрофанович 
712 0 2 |a Академия наук СССР  |b Государственный научно-исследовательский институт машиноведения им. А. А. Благонравова  |c (Москва)  |c (1962-1979)  |2 stltpush  |3 (RuTPU)RU\TPU\col\27800  |9 28893 
801 1 |a RU  |b 63413507  |c 20120202 
801 2 |a RU  |b 63413507  |c 20221221  |g RCR 
942 |c BK